LIBRARY & INFORMATION CENTRE, KCAET, TAVANUR

ONLINE PUBLIC ACCESS CATALOGUE (OPAC)

Soil and Solid Waste Analysis (Record no. 14646)

MARC details
000 -LEADER
fixed length control field 00312nam a22001217a 4500
020 ## - INTERNATIONAL STANDARD BOOK NUMBER
ISBN 9789382007500
082 ## - DEWEY DECIMAL CLASSIFICATION NUMBER
Classification number 630.44
Item number BEH/SO
100 ## - MAIN ENTRY--AUTHOR NAME
Personal name Behera R.K.
245 ## - TITLE STATEMENT
Title Soil and Solid Waste Analysis
260 ## - PUBLICATION, DISTRIBUTION, ETC. (IMPRINT)
Place of publication New Delhi
Name of publisher Dominant Publishers & Distributors Pvt. Ltd
Year of publication 2014
300 ## - PHYSICAL DESCRIPTION
Number of Pages 125
942 ## - ADDED ENTRY ELEMENTS (KOHA)
Koha item type Books
Holdings
Withdrawn status Lost status Damaged status Collection code Home library Current library Shelving location Date acquired Source of acquisition Cost, normal purchase price Full call number Accession Number Koha item type
        KAUAET KAUAET General Stacks 23/07/2016 Southern Book Star, Tvm. 995.00 630.44 BEH/SO 24554 Books
free website counter